LEADER 01430nam a2200277 4500 001 000000349095 003 CaOOAMICUS 005 20220113151636.0 008 220113s2020 it 000 u ita r 020 $a978-88-250-4587-1 040 $aSeMil$bita 245 00$aSinodalità :$bdimensione della Chiesa, pratiche nella Chiesa /$cRiccardo Battocchio, Livio Tonello (a cura) ; presentazione di Roberto Tommasi. 264 1$aPadova :$bMessaggero :$bFacoltà Teologica del Triveneto,$c2020. 300 $a409 p. ;$c24 cm 490 1 $aSophia. Epist?me. Studi e ricerche ;$v22 650 4$aChiesa e sinodalità.$0(OLS)http://semarc/subject/18874 700 1 $aBattocchio, Riccardo,$d<1962- >,$ecuratore.$0(OLS)http://semarc/name/22429 700 1 $aTonello, Livio,$ecuratore.$0(OLS)http://semarc/name/75442 700 1 $aTommasi, Roberto,$eautore di introduzione.$0(OLS)http://semarc/name/19607 830 0$aSophia. Epist?me. Studi e ricerche ;$v22.$0(OLS)http://semarc/title/33794 850 $aSeMil 852 $aSeMil$W1$xVenegono$y1$m2B V 6$j231281$B240161$CSeMilBibl$Z2$F240161 $81 996 $6020$a978-88-250-4587-1$9(OLS)http://semarc/number/295032 996 $6245$aSinodalità :$bdimensione della Chiesa, pratiche nella Chiesa$9(OLS)http://semarc/title/438613 996 $6264$aPadova :$bMessaggero :$bFacoltà Teologica del Triveneto$9(OLS)http://semarc/publisher/60147 LEADER 01573nam a2200301 i 4500 001 000000091522 003 CaOOAMICUS 005 20230222142040.0 008 160224s1745 it u000 u lat u 013 $a63764 026 $ar.o- t.t. m.*a tiSi (3) 1745 (R) 040 $aSeMil$bita 110 2 $aDomenicani$c.$0(OLS)http://semarc/name/1069 245 10$aOfficium beatae Mariae Virginis juxta ritum ordinis Praedicator. sub reverendissimo patre fr. Thoma Ripoll ejusdem Ordinis magistro generali. 260 $aRomae :$bEx Typographia Hieronymi Mainardi,$c1745. 300 $a[24], 384 p., [1] carta di tav. :$bantip. calcogr. ;$c8º. 500 $aSegn.: *12 A-2A8 500 $aFront. calcogr. precede il front. tipogr. 500 $aMarca n.c. (Cane con bastone e corona con giglio e ala) xilogr. sul front. 500 $aFront. e testo stampati in rosso e nero 650 4$aLibri liturgici - Breviario romano - Ufficio della Beata Vergine Maria.$0(OLS)http://semarc/subject/23056 700 1 $aRipoll, Thomas,$d.$0(OLS)http://semarc/name/2893 700 1 $aMainardi, Girolamo,$c.$0(OLS)http://semarc/name/2894 850 $aSeMil 852 $aSeMil$W1$xVenegono$y1$m3K I 49 FA$j54471$B54471$CSeMilBibl$Z2$F59123 $8I 996 $6245$aOfficium beatae Mariae Virginis juxta ritum ordinis Praedicator. sub reverendissimo patre fr. Thoma Ripoll ejusdem Ordinis magistro generali$9(OLS)http://semarc/title/137669 996 $6260$aRomae :$bEx Typographia Hieronymi Mainardi$9(OLS)http://semarc/publisher/32535